| 000 | 00605cas a22002055a 4500 | ||
|---|---|---|---|
| 001 | L139001 | ||
| 008 | 070719c19911995xxkmr p 0 a0eng u | ||
| 035 | _a(Sirsi) u139001 | ||
| 041 | 0 | _aeng | |
| 110 | 2 |
_aInstitute of Revenues, Rating and Valuation _92992 |
|
| 245 | 0 | 0 |
_aJournal _bThe Institute of Revenues, Rating and Valuation |
| 260 |
_aLondon _bIRRV _c1991-1995 |
||
| 362 | 0 | _aJanuary 1991-September 1995 | |
| 554 | _a12 per year | ||
| 651 | 4 |
_aUnited Kingdom _y |
|
| 690 | _aPROPERTY-PROPERTY APPRAISAL AND VALUATION | ||
| 780 | 0 | 0 | _tRRV Monthly |
| 785 | 0 | 0 |
_tInsight _x1361-1305 |
| 942 | _n0 | ||
| 999 |
_c119065 _d119065 |
||